000 005140000a22001810004500
020 _a0-340-42627-6
041 0 _aENG
082 0 4 _aG 261.7 C3541p
100 1 _aCassidy, Michael
245 1 0 _aThe passing summer : A suth african pilgrimage in the politics of love / Michael Cassidy
260 _aLondres, Inglaterra : Hodder & Stoughton
300 _a534 Pag
001 6854
942 _cBK
999 _c37108
_d37108
336 _atexto
_btxt
_2rdacontent
337 _2rdamedia
_asin mediación
_bn
338 _2rdacarrier
_avolumen
_bnc